Las crónicas de narnia : el prínicipe caspian ; traducido por gemma gallart ; ilustrado por pauline baynes

Guardado en:
Autor Principal: Lewis, Clive Staples
Otros Autores: Gallart, Gemma, Baynes, Paulina
Formato: Libro
Publicado: España : Planeta, 2005
Series:Destino infantil & juvenil
Materias:
Etiquetas: Agregar Etiqueta
Sin Etiquetas, Sea el primero en etiquetar este registro!
LEADER 00756nam a22002415a 4500
001 CEM.cems012016
005 20060220000000.0
008 130507s2005##################000#0#####d
003 CEMS
020 |a 8408059289 
082 0 4 |a 823.9 
100 1 |a Lewis, Clive Staples 
245 1 0 |a Las crónicas de narnia :  |b el prínicipe caspian ; traducido por gemma gallart ; ilustrado por pauline baynes 
260 |a España :  |b Planeta,  |c 2005 
300 |a 282 p. 
490 0 |a Destino infantil & juvenil 
653 |a Literatura 
653 |a Literatura inglesa siglo 20 
653 |a Literatura juvenil 
653 |a Novelas juveniles 
700 1 |a Gallart, Gemma 
700 1 |a Baynes, Paulina 
859 |a CEMS  |b BIB. CEMS - 11 de abril  |h 823.9  |i L587  |p 23258.06  |t Ej.1  |v 4  |3 4